| 000 | 01000nam a22002417a 4500 | ||
|---|---|---|---|
| 999 |
_c63249 _d63249 |
||
| 005 | 20250707103740.0 | ||
| 008 | 250707s2022 en ||||| |||| 00| 0 eng d | ||
| 020 |
_a9781260440850 X _q1260440850X |
||
| 041 | _aeng | ||
| 080 | _a617.91 Z-82 | ||
| 245 |
_a Zollinger's atlas of surgical operations / _cE. Christopher Ellison ; Robert Milton Zollinger; Timothy M. Pawlik; Patrick S. Vaccaro |
||
| 250 | _aEleventh edition | ||
| 264 |
_aNew York : _bMcGraw-Hill Education, _c2022. |
||
| 300 |
_a 622 pages : _bcolor illustrations ; _c37 cm. |
||
| 653 | _a Atlas Atlases Chirurgie Atlas Chirurgie opératoire | ||
| 653 | _a ქირურგიული ოპერაციები. | ||
| 653 | _aქირურგია | ||
| 700 |
_a Ellison, E. Christopher _eავტორი _925610 |
||
| 700 |
_aMilton Zollinger,Robert _eავტორი _925611 |
||
| 700 |
_aM. Pawlik, Timothy _eავტორი _925612 |
||
| 700 |
_a Vaccaro, S .Patrick _925613 |
||
| 942 |
_2udc _cᲬᲘᲒᲜᲘ |
||